<?xml version="1.0" encoding="UTF-8"?>
<record
    xmlns:xsi="http://www.w3.org/2001/XMLSchema-instance"
    xsi:schemaLocation="http://www.loc.gov/MARC21/slim http://www.loc.gov/standards/marcxml/schema/MARC21slim.xsd"
    xmlns="http://www.loc.gov/MARC21/slim">

  <leader>00865nam a22002297a 4500</leader>
  <controlfield tag="005">20130917144851.0</controlfield>
  <datafield tag="010" ind1=" " ind2=" ">
    <subfield code="a">ENG-108110</subfield>
  </datafield>
  <datafield tag="020" ind1=" " ind2=" ">
    <subfield code="a">9788182746640</subfield>
    <subfield code="c">990.00</subfield>
  </datafield>
  <datafield tag="035" ind1=" " ind2=" ">
    <subfield code="a">EN-91643</subfield>
  </datafield>
  <datafield tag="037" ind1=" " ind2=" ">
    <subfield code="b">DBAD/PUB</subfield>
  </datafield>
  <datafield tag="082" ind1=" " ind2=" ">
    <subfield code="a">954.0845</subfield>
  </datafield>
  <datafield tag="100" ind1="0" ind2=" ">
    <subfield code="a">Bhargava, K. D.</subfield>
    <subfield code="d">1912-</subfield>
    <subfield code="q">(Bhargava, Krishna Dayal)</subfield>
  </datafield>
  <datafield tag="245" ind1="1" ind2="0">
    <subfield code="a">Campaigns in South-East Asia, 1941-42 /</subfield>
    <subfield code="c">by K. D. Bhargava [and] K. N. V. Sastri</subfield>
  </datafield>
  <datafield tag="260" ind1=" " ind2=" ">
    <subfield code="a">New Delhi</subfield>
    <subfield code="b">Pentagon Press</subfield>
    <subfield code="c">2012</subfield>
  </datafield>
  <datafield tag="270" ind1=" " ind2=" ">
    <subfield code="a">206, Peacock Lane, Shahpur Jat</subfield>
    <subfield code="b">New Delhi</subfield>
    <subfield code="e">110049</subfield>
  </datafield>
  <datafield tag="300" ind1=" " ind2=" ">
    <subfield code="a">xxxix, 424p. :</subfield>
    <subfield code="b">illus., maps (part fold. col.) ports.</subfield>
    <subfield code="c">25cm(Hb)</subfield>
  </datafield>
  <datafield tag="490" ind1=" " ind2=" ">
    <subfield code="a">Official history of the Indian Armed Forces in the Second World War, 1939-45</subfield>
  </datafield>
  <datafield tag="650" ind1=" " ind2="0">
    <subfield code="a">World War, 1939-1945</subfield>
    <subfield code="z">Southeast Asia</subfield>
  </datafield>
  <datafield tag="650" ind1=" " ind2="0">
    <subfield code="a">World War, 1939-1945</subfield>
    <subfield code="z">India</subfield>
  </datafield>
  <datafield tag="700" ind1="1" ind2=" ">
    <subfield code="a">Sastri, K. N. V. </subfield>
  </datafield>
  <datafield tag="942" ind1=" " ind2=" ">
    <subfield code="2">ddc</subfield>
    <subfield code="c">EN</subfield>
    <subfield code="m">BHA</subfield>
    <subfield code="h">954.0845</subfield>
  </datafield>
  <datafield tag="999" ind1=" " ind2=" ">
    <subfield code="c">77919</subfield>
    <subfield code="d">77919</subfield>
  </datafield>
  <datafield tag="952" ind1=" " ind2=" ">
    <subfield code="0">0</subfield>
    <subfield code="1">0</subfield>
    <subfield code="4">0</subfield>
    <subfield code="7">1</subfield>
    <subfield code="8">NFIC</subfield>
    <subfield code="a">DBAD</subfield>
    <subfield code="b">DBAD</subfield>
    <subfield code="d">2013-07-22</subfield>
    <subfield code="e">DBAD/PUB</subfield>
    <subfield code="g">990.00</subfield>
    <subfield code="l">0</subfield>
    <subfield code="o">954.0845 BHA</subfield>
    <subfield code="p">EN-91643</subfield>
    <subfield code="r">2013-07-22 00:00:00</subfield>
    <subfield code="t">1</subfield>
    <subfield code="v">990.00</subfield>
    <subfield code="y">EN</subfield>
  </datafield>
</record>
